000 00745nam0a22002651 4500
001 RU\NLR\INFOCOMM10\ROSSICA\1000014695
005 20250613190524.0
035 _a(NLR Aleph) 009913013
090 _a10627527
_c10627527
100 _a20030728f18731930|||y0rusy50 ca
101 1 _ager
_crus
102 _aRU
105 _ay ||||000ay
200 1 _aVon der Gewinnung der Farbe aus der Harmlapflanze
_fGoebel
_gAus dem Russischen überzetzt von Th.Grohmann
210 _aSt.Petersburg
_ds.a.
215 _d
700 1 _aGoebel
_bA.
_gAd.
_4070
702 1 _aGrohmann
_bTh.
_4730
801 1 _aRU
_bInfoComm
_c20030728
801 0 _aRU
_bNLR
_gPSBO
852 _aNLR
_j13.9.3.173
942 _cBOOK
980 _aNB
980 _aRossica